| 000 | 00941nam a2200193Ia 4500 | ||
|---|---|---|---|
| 003 | Ost | ||
| 005 | 20260507074952.0 | ||
| 008 | 260507s9999||||xx |||||||||||||| ||und|| | ||
| 040 | _cfsecg | ||
| 041 | _aara | ||
| 082 | _a380 | ||
| 100 |
_aخطاب، عامر محمد _eمؤلف |
||
| 245 | 0 |
_aالتجارة الالكترونية / _c عامر محمد خطاب |
|
| 260 |
_aعمان: _bمكتبة المجتمع العربي للنشر والتوزيع, _c2011 |
||
| 300 |
_a257 صفحة؛ _c25 سم |
||
| 520 | _aالتجارة الالكترونية عموما،أساسيات التجارة الالكترونية،التجارة الالكترونية من منظور التكنولوجيا،التجارة الإلكترونية في المعاملات المصرفية،التغيرات وطبيعة التنافس في التجارة الالكترونية | ||
| 653 | _aالتجارة الكترونية | ||
| 942 | _cكتاب | ||
| 999 |
_c42002 _d42002 |
||